| 000 | 01477cam a2200349 a 4500 | ||
|---|---|---|---|
| 001 | 14916959 | ||
| 003 | OSt | ||
| 005 | 20230915115241.0 | ||
| 008 | 070705s2008 ilua 000 0 eng | ||
| 010 | _a 2007025490 | ||
| 020 | _a9780736067485 (soft cover) | ||
| 020 | _a0736067485 (soft cover) | ||
| 035 | _a(OCoLC)ocn154677170 | ||
| 035 | _a(OCoLC)154677170 | ||
| 040 |
_aDLC _cDLC _dYDXCP _dBAKER _dBTCTA _dC#P _dDLC |
||
| 050 | 0 | 0 |
_aGV443 _b.C59 2008 |
| 082 | 0 | 0 |
_a372.86 _bCOL/T |
| 100 | 1 |
_aColvin, A. Vonnie, _d1951- _99473 |
|
| 245 | 1 | 0 |
_aTeaching the nuts and bolts of physical education : _bages 5 to 12 / _cA. Vonnie Colvin, Nancy J. Egner Markos, Pamela J. Walker. |
| 250 | _a2nd ed. | ||
| 260 |
_aChampaign, IL : _bHuman Kinetics, _cc2008. |
||
| 300 |
_av, 58 p. : _bill. ; _c22 x 28 cm. + _e1 CD-ROM (4 3/4 in.) |
||
| 500 | _aRev. ed. of: Teaching the nuts and bolts of physical education. c2000. | ||
| 650 | 0 | _aPhysical education for children. | |
| 650 | 0 | _aMovement education. | |
| 700 | 1 |
_aMarkos, Nancy J. Egner, _d1949- |
|
| 700 | 1 |
_aWalker, Pamela J., _d1953- |
|
| 856 | 4 | 1 |
_3Table of contents only _uhttp://www.loc.gov/catdir/toc/ecip0721/2007025490.html |
| 906 |
_a7 _bcbc _corignew _d1 _eecip _f20 _gy-gencatlg |
||
| 942 |
_2ddc _cBK _h372.86 _iCOL/T _k372.86 _mCOL/T |
||
| 999 |
_c42495 _d42495 |
||